00575cam a22002291 4500001001300000003000400013005001700017008004100034010001700075025001800092035002000110040002100130050001800151100004600169245003600215250001400251260001000265300001900275500001400294650002000308999001700328sa 66001229 DLC20260227112220.0950221s1962 ii 000 0 tamo  asa 66001229  aPL480:I-T-586 a(OCoLC)32029576 aDLCcCUdCUdDLC00aPL4758.1b.S21 aCampanta Mutaliyār, Pammal,d1873-1964.10aYān̲ kaṇṭa pulavarkaḷ. a[1st ed.] c1962. a100 p.c19 cm. aIn Tamil. 0aAuthors, Tamil. c67650d67650